| 000 | 00374nam a22001577a 4500 | ||
|---|---|---|---|
| 003 | CEME | ||
| 005 | 20210628202947.0 | ||
| 008 | 210119b xxu||||| |||| 00| 0 eng d | ||
| 040 | _c. | ||
| 082 | _a297.648 NAD | ||
| 100 |
_aSyed Abu Ul Hassan Ali _962566 |
||
| 245 | _aDeeni dawat | ||
| 260 |
_aLAHORE _bMAKTABA-E-DARUL-ULOOM _c2000 |
||
| 300 | _a245 P | ||
| 942 |
_cBK _2ddc |
||
| 999 |
_c571641 _d571641 |
||